000 01365cam a2200313 a 4500
001 12307169
005 20060721201748.0
008 010212s2001 ne b 001 0 eng
010 _a 2001023426
020 _a0444506713
020 _a9780444506719
040 _aDLC
_cDLC
_dDLC
050 0 0 _aTN871
_b.D35 2001
082 0 0 _a622.3382
_222
_bDAK
100 1 _aDake, L. P.
_927367
245 1 4 _aThe Practice of Reservoir Engineering /
_cL.P. Dake.
250 _aRev. ed.
260 _aAmsterdam ;
_aNew York :
_bElsevier, 2001
_c2001.
300 _axxiv, 546 p. :
_bill., maps ;
_c25 cm.
490 _923772
_aDevelopments in petroleum science ;
_v36
504 _aIncludes bibliographical references and index.
650 0 _aOil reservoir engineering.
_927368
650 0 _aGas reservoirs.
_927369
653 _bpet
_cSeptember2011
856 4 2 _3Publisher description
_uhttp://www.loc.gov/catdir/enhancements/fy0612/2001023426-d.html
942 _2ddc
_cBB
999 _c16088
_d16088